| 000 | 00776cam a2200217 a 4500 | ||
|---|---|---|---|
| 001 | 000021855 | ||
| 005 | 20200930011457.0 | ||
| 008 | 001206s1970 sp 000 |dspa d | ||
| 040 |
_aDO-SdBNP _bspa _cBNPHU |
||
| 082 |
_axxx _bF889a,1970 |
||
| 100 | 1 |
_aFreud, Sigmund _d1856-1939 _935138 |
|
| 245 | 1 | 0 |
_aAutobiografía : _bhistoria del movimiento psicoanalítico / _cSigmund Freud; traducción, Luis López-Balleteros. |
| 250 | _a2a ed. | ||
| 260 |
_aMadrid : _bAlianza, _c1970. |
||
| 300 |
_a191 p. ; _c18 cm. |
||
| 490 | 1 |
_aEl Libro de Bolsillo _v172 |
|
| 504 | _aIncluye referencia al pie de páginas. | ||
| 534 |
_aTítulo original : _tSelbstdarstellung. Zur geschichte der psychoanalytischen bewegung |
||
| 700 | 1 |
_aLópez-Balleteros, Luis _etr. _945376 |
|
| 049 | _aBNGR | ||
| 999 |
_c21353 _d21353 |
||